| 000 | 02393cam a22004574i 4500 | ||
|---|---|---|---|
| 003 | PE-LiUPU | ||
| 005 | 20250731165406.0 | ||
| 008 | 151012s2015 pe a grm 000 0 spa d | ||
| 035 | _a(Sirsi) a154825 | ||
| 040 |
_aPE-LiUPU _bspa _cPE-LiUPU _erda |
||
| 099 |
_aTEF 2 _bF89 2015 |
||
| 100 | 1 |
_aFuel Gutiérrez, Eva María _eautor |
|
| 245 | 1 |
_aFuentes generadoras de estrés durante las prácticas clínicas según percepción de los estudiantes de la Escuela Profesional de Enfermería de la Universidad Peruana Unión Lima - Perú 2014 / _cEva María Fuel Gutiérrez. |
|
| 264 | 0 | _c2015. | |
| 300 |
_a93 hojas : _bilustraciones; _c30 cm |
||
| 336 |
_atext _2rdacontent |
||
| 337 |
_aunmediated _2rdamedia |
||
| 338 |
_avolume _2rdacarrier |
||
| 502 |
_aTesis _b(Lic.) -- _cUniversidad Peruana Unión, _d2015. |
||
| 504 | _aIncluye referencias bibliográficas | ||
| 520 | 3 | _aEl objetivo de la investigación fue identificar las principales fuente generadoras de estés durante las prácticas clínicas según percepción de los estudiantes de la Escuela Profesional de Enfermería de la Universidad Peruana Unión, Lima - Perú 2014. El diseño metodológico fue la de una investigación de diseño no experimental, de enfoque cuantitativo, de alcance descriptivo y de corte trasversal. El muestreo fue no probabilístico, por conveniencia, considerándose como muestra 150 estudiantes de enfermería. El instrumento de recolección de datos fue el cuestionario Kezkak que ha sido modificado por las investigadoras, fue sometido a juicio de expertos y tiene una confiabilidad de Alfa de Cronbach 0,89. Como conclusión están que las principales fuentes generadores de estrés son la "sobrecarga", "la falta de competencia" "implicación emocional" y "el paciente busca una relación íntima". | |
| 526 | _aSEG44 | ||
| 526 | _aSEG26 | ||
| 526 | _aP151 | ||
| 526 | _aP150 | ||
| 526 | _aP149 | ||
| 526 | _aP146 | ||
| 526 | _aP145 | ||
| 526 | _aP126 | ||
| 526 | _aP125 | ||
| 526 | _aP92 | ||
| 526 | _aP75 | ||
| 526 | _aP74 | ||
| 526 | _aP27 | ||
| 526 | _aP15 | ||
| 650 | 0 | 4 |
_aEstrés laboral _xEnfermeros |
| 700 | 1 |
_aChalco Ccapa, Irma Alejandra _eautor |
|
| 596 | _a1 | ||
| 942 |
_2ddc _cTESIS |
||
| 999 |
_aTEF 2 F89 2015 _wALPHANUM _c7522 _iT01740 _lCCODEBUL3 _mBUL _r1 _sY _tTESIS _u2015-10-12 _xSALUD _PP22 _o.STAFF. Tesis _d7522 |
||
| 980 |
_81 _gALBERTO SANCHEZ Responsable de Automatización |
||